00385nam a2200133Ia 4500008004100000082001700041100002000058245001700078260002000095600001200115942000700127952010000134999001700234241002s9999 xx 000 0 und d a954.0357 MAY aMayo, Katherhic 0aMother India aNew York:c1969 aHistory cUC 00104070aUITUbUITUd1994-01-01l0o954.0357 MAYpUC229r2024-10-02 09:31:13w2024-10-02yUC c18556d18556